| Tag |
First Indicator |
Second Indicator |
Subfields |
| LEADER |
00000cam a2200000 a 4500 |
| 001 |
in00001374591 |
| 005 |
20151006082147.0 |
| 007 |
hd afv---baca |
| 007 |
hd bfv---baaa |
| 008 |
960318s1606 enka a 000 0 eng d |
| 035 |
|
|
|a (OCoLC)34382940
|
| 035 |
|
|
|9 AHJ3193AM
|
| 037 |
|
|
|a CL0036000058
|b UMI, 300 N. Zeeb Rd., Ann Arbor, MI 48103-1553
|
| 040 |
|
|
|a EBK
|c EBK
|d UtOrBLW
|
| 041 |
1 |
|
|a eng
|h lat
|h grc
|
| 049 |
|
|
|a TXAI
|
| 090 |
|
|
|a BS1830.T4
|b A3 1606
|
| 099 |
|
|
|a film
|a B
|a 3608
|a 1902:4.
|
| 130 |
0 |
|
|a Testaments of the twelve patriarchs.
|l English.
|f 1606.
|
| 245 |
1 |
4 |
|a The testament of the twelue patriarches the sonnes of Iacob /
|c translated out of Greek into Latine by Robert Grosthead sometime bishop of Lincolne, and out of his copy into French and Dutch by others, and now Englished by A.G. ...
|
| 264 |
|
1 |
|a Printed at London :
|b For the Company of the Stationers,
|c 1606.
|
| 300 |
|
|
|a 168 unnumbered pages :
|b illustrations
|
| 336 |
|
|
|a text
|b txt
|2 rdacontent
|
| 337 |
|
|
|a microform
|b h
|2 rdamedia
|
| 338 |
|
|
|a microfilm reel
|b hd
|2 rdacarrier
|
| 500 |
|
|
|a Colophon reads: At London printed for the Companie of the Stationers.
|
| 500 |
|
|
|a Imperfect: stained, defaced, worn, and with print show-through, and loss of text.
|
| 500 |
|
|
|a Signatures: A-K⁸, L⁴.
|
| 500 |
|
|
|a Reproduction of original in: Bodleian Library.
|
| 510 |
4 |
|
|a STC (2nd ed.)
|c 19469.5
|
| 533 |
|
|
|a Microfilm.
|b Ann Arbor, Mich. :
|c UMI,
|d 1986.
|e 1 microfilm reel ; 35 mm.
|f (Early English books, 1475-1640 ; 1902:4)
|
| 539 |
|
|
|a s
|b 1986
|d miu
|e n
|g a
|
| 500 |
|
|
|a Microform.
|
| 730 |
0 |
2 |
|a Bible.
|p Apocrypha.
|p Testament of the twelve patriarchs.
|l English.
|f 1606.
|
| 700 |
1 |
|
|a Grosseteste, Robert,
|d 1175?-1253.
|
| 700 |
1 |
|
|a Gilby, Anthony,
|d approximately 1510-1585.
|
| 830 |
|
0 |
|a Early English books, 1475-1640 ;
|v 1902:4.
|
| 999 |
|
|
|a MARS
|
| 999 |
f |
f |
|s 3d9d9a06-0fa4-3fb9-a7e5-c80c48d36d2f
|i ae0e1cb3-7f60-3e6b-b424-2f079c4df946
|t 0
|
| 952 |
f |
f |
|p default
|a Texas A&M University
|b College Station
|c Sterling C. Evans Library
|d Evans: Microforms (3rd floor)
|t 0
|e film B 3608 1902:4.
|h Other scheme
|i microform -- microfilm reel
|
| 998 |
f |
f |
|a film B 3608 1902:4.
|t 0
|l Evans: Microforms (3rd floor)
|